000 00284nam a2200121Ia 4500
008 221030s9999 xx 000 0 und d
041 _aEnglish
100 _aB. Berman
245 0 _aRetail Management A Strategic Approach
_cby B. Berman
260 _c0
650 _aMb
942 _cBK
999 _c14278
_d14278